Eclesiastés : (Registro nro. 51720)
[ vista simple ]
| 000 -LÍDER | |
|---|---|
| Campo fijo de descripción fija | 01098aab a2200205 i 4500 |
| 001 - NÚMERO DE CONTROL | |
| Campo de control | 768714001 |
| 003 - IDENTIFICADOR DEL NÚMERO DE CONTROL | |
| Campo de control | CO-MdFUSB |
| 005 - FECHA Y HORA DE LA ULTIMA TRANSACCIÓN | |
| control field | 20240422091609.0 |
| 008 - ELEMENTOS DE LONGITUD FIJA -- INFORMACIÓN GENERAL | |
| Campo fijo de descripción fija -- Información general | 240419t1987 ag ||||| |||| 00| 0 spa d |
| 040 ## - FUENTE DE CATALOGACIÓN | |
| Idioma de catalogación | spa |
| Agencia que realiza la transcripción | CO-MdFUSB |
| 041 ## - CÓDIGO DE IDIOMA | |
| Código de idioma para texto/pista de sonido o título separado | spa |
| 100 1# - ASIENTO PRINCIPAL--NOMBRE PERSONAL | |
| Nombre personal | Breneman, Mervin (1930-) |
| Término relacionador | autor |
| 245 1# - TÍTULO | |
| Título | Eclesiastés : |
| Subtitulo | el predicador y la apologética |
| Mención de responsabilidad | / Mervin Breneman |
| 300 ## - DESCRIPCIÓN FÍSICA | |
| Extensión | Volumen 6, número 3 (septiembre, 1987), páginas: 23 - 26 |
| Dimensiones | ; 27 cm |
| 520 ## - NOTA DE RESUMEN, ETC. | |
| Nota de sumario, etc. | A muchos les resulta difícil entender libros del Antiguo Testamento como Eclesiastés o Qohelet Qah (en hebreo el predicador o el que dirige la asamblea). Al igual que en el libro de Job, cuestiona la suposición de la sabiduría de que las personas buenas son mejores que las malas y que el éxito es un resultado deseable. Además, es difícil delinear de forma lógica y por tanto difícil encontrar coherencia en el mismo. |
| 650 #0 - ASIENTO SECUNDARIO DE MATERIA - TERMINO TEMÁTICO | |
| Término temático o nombre geográfico como elemento de entrada | Biblia |
| 9 (RLIN) | 16 |
| 650 #0 - ASIENTO SECUNDARIO DE MATERIA - TERMINO TEMÁTICO | |
| Término temático o nombre geográfico como elemento de entrada | Predicación |
| 9 (RLIN) | 54 |
| 773 0# - ASIENTO DE ITEM FUENTE | |
| Título | Iglesia y Misión |
| Biblionumber | 49402 |
| Itemnumber | 59679 |
| Parte(s) relacionada(s) / Volumen., número. (mes año), páginas | Volumen 6, número 3 (septiembre, 1987), páginas: 23 - 26 |
| Enumeración y primera página | página: 23 |
| 942 ## - TIPO DE MATERIAL (KOHA) | |
| Tipo de Item KOHA | Artículos de Revista |
No hay ítems disponibles.
